Normal view
MARC view
- Arnold, J.R. Tony, Chapman, Stephen N
Entry Personal Name
001 - CONTROL NUMBER
- control field: 65989
003 - CONTROL NUMBER IDENTIFIER
- control field: NUST
005 - DATE AND TIME OF LATEST TRANSACTION
- control field: 20210628203524.0
008 - FIXED-LENGTH DATA ELEMENTS
- fixed length control field: 210628|| aca||aabn | a|a d
040 ## - CATALOGING SOURCE
- Original cataloging agency: NUST
- Transcribing agency: NUST
100 ## - HEADING--PERSONAL NAME
- Personal name: Arnold, J.R. Tony, Chapman, Stephen N
670 ## - SOURCE DATA FOUND
- Source citation: Work cat.: (NUST): Arnold, J.R. Tony, Chapman, Stephen N, Introduction to materials management, 2005
